000 004400000a22001810004500
003 MACL
005 20151004153018.0
008 151004b xxu||||| |||| 00| 0 eng d
040 _aMACL
_cMACL
041 _aEnglish
082 _a920/HAR
100 _aHaridasan, Dr. V.
_913732
245 _aDr. John Matthai 1886-1959
_bA Biography
260 _bSunil
_c1986
_aKerala
350 _a100
650 _aBioraphy
_99297
942 _cBK
_k920
_2ddc
999 _c5206
_d5206